Devinez la Capitale Mystère #115 - Statistiques

Statistiques générales
  • Ce quiz a été pris 116 fois
  • Le résultat moyen est 25 sur 33
Statistiques - réponses
Type de Réponse Réponse % Correct
Lettre Trouvée A
100%
Lettre Trouvée O
100%
Lettre de l'Alphabet R
100%
Lettre de l'Alphabet I
99%
Lettre de l'Alphabet E
98%
Lettre de l'Alphabet S
98%
Lettre de l'Alphabet N
96%
Lettre de l'Alphabet P
96%
Lettre Trouvée B
95%
Lettre de l'Alphabet L
95%
Lettre Trouvée D
94%
Lettre de l'Alphabet K
90%
Lettre de l'Alphabet T
90%
Lettre de l'Alphabet M
89%
Lettre de l'Alphabet C
86%
Lettre Trouvée U
86%
Lettre de l'Alphabet G
82%
Lettre de l'Alphabet H
81%
Lettre de l'Alphabet W
77%
Lettre Bien Placée A
73%
Lettre de l'Alphabet Y
66%
Lettre Bien Placée D
61%
Lettre Trouvée J
59%
Lettre Bien Placée O
58%
Lettre de l'Alphabet X
58%
Lettre de l'Alphabet V
57%
Lettre Bien Placée U
51%
Lettre de l'Alphabet Z
47%
Lettre de l'Alphabet F
43%
Lettre Bien Placée J
43%
Lettre de l'Alphabet Q
42%
Lettre Bien Placée B
40%
Capitale Mystère Djouba
40%
Aucun quiz correspondant
Distribution des résultats
% des personnes avec chaque résultat
Percentile par nombre de réponses
Votre historique - résultats
Vous n’avez pas pris ce quiz